Staying alive : (Record no. 39082)

MARC details
000 -LEADER
fixed length control field 00875nam a22002417a 4500
005 - DATE AND TIME OF LATEST TRANSACTION
control field 20100803170027.0
010 ## - LCCN (DPL NO)
LC control number ENG-97958
020 ## - INTERNATIONAL STANDARD BOOK NUMBER
International Standard Book Number 8188965588
Terms of availability 300.00
020 ## - INTERNATIONAL STANDARD BOOK NUMBER
International Standard Book Number 9788188965588
Terms of availability 300.00
035 ## - SYSTEM CONTROL NUMBER
System control number EN-81491
037 ## - SOURCE OF ACQUISITION
Source of stock number/acquisition DBAD/PUB
082 ## - DEWEY DECIMAL CLASSIFICATION NUMBER
Classification number 307.14088042
100 ## - MAIN ENTRY--PERSONAL NAME
Personal name Shiva, Vandana
245 ## - TITLE STATEMENT
Title Staying alive :
Remainder of title women, ecology and survival in India /
Statement of responsibility, etc by Vandana Shiva
260 ## - PUBLICATION, DISTRIBUTION, ETC. (IMPRINT)
Place of publication, distribution, etc New Delhi
Name of publisher, distributor, etc Women Unlimited
Date of publication, distribution, etc 2010
270 ## - ADDRESS
Address K-36, Hauz Khas Enclave
City New Delhi
Postal code 110016
300 ## - PHYSICAL DESCRIPTION
Extent xxix, 224p.
Dimensions 22cm (pbk)
650 ## - SUBJECT ADDED ENTRY--TOPICAL TERM
Topical term or geographic name as entry element Environmental policy
650 ## - SUBJECT ADDED ENTRY--TOPICAL TERM
Topical term or geographic name as entry element Human ecology
650 ## - SUBJECT ADDED ENTRY--TOPICAL TERM
Topical term or geographic name as entry element Women in development
942 ## - ADDED ENTRY ELEMENTS (KOHA)
Source of classification or shelving scheme Dewey Decimal Classification
Item type English Books
Classification part 307.14088042
Call number suffix SHI
Holdings
Withdrawn status Lost status Not for loan Collection code Home library Current library Date acquired Source of acquisition Cost, normal purchase price Full call number Barcode Copy number Cost, replacement price Koha item type
    Not For Loan Non-fiction D.B.Act.Division D.B.Act.Division 03/08/2010 DBAD/PUB 300.00 307.14088042 SHI EN-81491 1 300.00 English Books

© Delhi Public Library
Hit Counter
free hit counter